000 00620nam a2200229Ia 4500
005 20260320201933.0
008 008 262003s9999 xx 000 0 eng d
037 _aEBOOK
040 _aCRL
040 _beng
040 _cCRL
041 _2eng
041 _aeng
084 _qCRL
100 _aPandey
245 0 _aPractical Autodesk AutoCAD 2023 and AutoCAD LT 2023: A beginner’s guide to 2D drafting and 3D modeling with Autodesk AutoCAD
260 _bIEEE
856 _uhttps://ieeexplore.ieee.org/servlet/opac?bknumber=10162906
942 _cEBOOK
999 _c1724375
_d1724375